Largest Cities in Kazakhstan - Statistics

General Stats
  • This quiz has been taken 11 times
  • The average score is 3 of 5
Answer Stats
Population Answer % Correct
1,354,507 Astana
100%
2,161,797 Almaty
88%
1,192,120 Shymkent
38%
559,911 Aktobe
25%
515,632 Karaganda
25%
No matching quizzes found
Score Distribution
Percent of People with Each Score
Percentile by Number Answered
Your Score History
You have not taken this quiz